The search for extraterrestrial life: recent developmnents (Record no. 8612)

MARC details
000 -LEADER
fixed length control field 01147nam a2200241Ia 4500
003 - CONTROL NUMBER IDENTIFIER
control field IN-BaIIA
008 - FIXED-LENGTH DATA ELEMENTS--GENERAL INFORMATION
fixed length control field 211028s9999 xx 000 0 eng d
020 ## - INTERNATIONAL STANDARD BOOK NUMBER
International Standard Book Number 90-277-2114-9
040 ## - CATALOGING SOURCE
Transcribing agency IIA Library
080 ## - UNIVERSAL DECIMAL CLASSIFICATION NUMBER
Universal Decimal Classification number 082.2:52
Item number IAU-S112
111 ## - MAIN ENTRY--MEETING NAME
Meeting name or jurisdiction name as entry element Symposium of the International Astronomical Union on the Search for Extraterrestrial Life, Recent Developmnents
Number of part/section/meeting 112th
Location of meeting Boston
Date of meeting or treaty signing 1984 June 18-21
9 (RLIN) 14456
245 #4 - TITLE STATEMENT
Title The search for extraterrestrial life: recent developmnents
Remainder of title proceedings of the 112th Symposium of the international Astronomical Union on the search for extraterrestrial life, recent developmnents held at Boston University, Boston, Mass., U.S.A., June 18–21, 1984
Statement of responsibility, etc. edited by Michael D Papagiannis
260 ## - PUBLICATION, DISTRIBUTION, ETC.
Place of publication, distribution, etc. Dordrecht
Name of publisher, distributor, etc. D. Reidel Publishing
Date of publication, distribution, etc. 1985
300 ## - PHYSICAL DESCRIPTION
Extent xxv, 579p.
650 ## - SUBJECT ADDED ENTRY--TOPICAL TERM
Topical term or geographic name entry element Astrometry
650 ## - SUBJECT ADDED ENTRY--TOPICAL TERM
Topical term or geographic name entry element Astronomical photometry
650 ## - SUBJECT ADDED ENTRY--TOPICAL TERM
Topical term or geographic name entry element Astronomical techniques
9 (RLIN) 1786
650 ## - SUBJECT ADDED ENTRY--TOPICAL TERM
Topical term or geographic name entry element Astronomy and Astrophysics thesaurus
650 ## - SUBJECT ADDED ENTRY--TOPICAL TERM
Topical term or geographic name entry element Stellar quantities Calibration
9 (RLIN) 14457
700 ## - ADDED ENTRY--PERSONAL NAME
Personal name Papagiannis, Michael D., ed.
9 (RLIN) 10697
710 ## - ADDED ENTRY--CORPORATE NAME
Corporate name or jurisdiction name as entry element Boston Univeristy
9 (RLIN) 14458
942 ## - ADDED ENTRY ELEMENTS (KOHA)
Koha item type Books
Holdings
Withdrawn status Lost status Damaged status Not for loan Home library Current library Shelving location Date acquired Total Checkouts Full call number Barcode Date last seen Price effective from Koha item type
        IIA Library-Bangalore IIA Library-Bangalore General Stacks 13/02/1986   082.2:52/ IAU-S112 9484 05/11/2021 13/02/1986 Books

Powered by Koha